Oeuvres de Blaise Pascal / (Record no. 183444)
[ view plain ]
| 000 -LEADER | |
|---|---|
| campo de control de longitud fija | 01646nam a2200253 i 4500 |
| 001 - NÚMERO DE CONTROL | |
| campo de control | 183444 |
| 003 - IDENTIFICADOR DE NÚMERO DE CONTROL | |
| campo de control | ES-MaACL |
| 005 - FECHA Y HORA DE LA ÚLTIMA TRANSACCIÓN | |
| campo de control | 20250716063338.0 |
| 008 - DATOS DE LONGITUD FIJA--INFORMACIÓN GENERAL | |
| campo de control de longitud fija | 140430m19081914fr | |||| ||fre d |
| 080 ## - NÚMERO DE LA CLASIFICACIÓN DECIMAL UNIVERSAL | |
| Número de la Clasificación Decimal Universal | 821.133.1-82"16" |
| 100 1# - ENTRADA PRINCIPAL--NOMBRE DE PERSONA | |
| Nombre de persona | Pascal, Blaise, |
| Fechas asociadas al nombre | 1623-1662 |
| 9 (RLIN) | 89307 |
| 245 10 - MENCIÓN DEL TÍTULO | |
| Título | Oeuvres de Blaise Pascal / |
| Mención de responsabilidad, etc. | publiées suivant l'ordre chronologique, avec documents complémentaires, introductions et notes, par Léon Brunschvicg et Pierre Boutroux [et Félix Gazier]. |
| 260 ## - PUBLICACIÓN, DISTRIBUCIÓN, ETC. | |
| Lugar de publicación, distribución, etc. | Paris : |
| Nombre del editor, distribuidor, etc. | Hachette, |
| Fecha de publicación, distribución, etc. | 1908-1914. |
| 300 ## - DESCRIPCIÓN FÍSICA | |
| Extensión | 8 v. (LXV, 406; 574; 600, LXXXI, 356 p.) : |
| Otras características físicas | il. ; |
| Dimensiones | 22 cm. |
| 490 1# - MENCIÓN DE SERIE | |
| Mención de serie | Les grands écrivains de la France |
| 500 ## - NOTA GENERAL | |
| Nota general | Índice. |
| 505 8# - NOTA DE CONTENIDO CON FORMATO | |
| Nota de contenido con formato | Contiene: I. Biographies. Pascal jusqu'a son arrivée à Paris (1647) -- II. Pascal depuis son arrivée à Paris (1647) jusqu'à l'entrée de Jacqueline à Port-Royal (1652) -- III. Pascal depuis l'entrée de Jacqueline à Port-Royal (1652) jusqu'au Mémorial (!654) -- IV. Depuis le Mémorial du 23 novembre 1654 jusqu'au miracle de la Sainte-Épine (fin mars 1656) -- V. Depuis le 10 avril 1656 (sixième provinciale) jusqu'a le fin de septembre 1656 -- VI. Depuis le 30 septembre (treizième provincile) jusqu'au 23 janvier 1657 (dix-septième provinciale) -- VII. Depuis le 24 mars 1657 (dix-huitième provinciale) jusqu'en juin 1658) -- VIII. Depuis juin 1658 jusqu'en décembre 1658. |
| 700 1# - ENTRADA AGREGADA--NOMBRE PERSONAL | |
| Nombre de persona | Brunschvicg, Léon, |
| Fechas asociadas al nombre | 1853-1904 |
| 9 (RLIN) | 32207 |
| 700 1# - ENTRADA AGREGADA--NOMBRE PERSONAL | |
| Nombre de persona | Boutroux, Pierre. |
| 9 (RLIN) | 154790 |
| 700 1# - ENTRADA AGREGADA--NOMBRE PERSONAL | |
| Nombre de persona | Gazier, Félix. |
| 9 (RLIN) | 154791 |
| 830 0# - PUNTO DE ACCESO ADICIONAL DE SERIE-TÍTULO UNIFORME | |
| Título uniforme | Les grands écrivains de la France |
| 9 (RLIN) | 191990 |
| 852 ## - LOCALIZACIÓN | |
| Ubicación | ES-MaACL |
| Número de control de estantería | F-5738-45 |
| Estatus retirado | Estado de pérdida | Estado de daño | No para préstamo | Biblioteca de origen | Biblioteca actual | Ubicación en estantería | Fecha de adquisición | Fuente de adquisición | Total de préstamos | Signatura topográfica completa | Código de barras | Visto por última vez | Precio de reemplazo | Tipo de ítem Koha |
|---|---|---|---|---|---|---|---|---|---|---|---|---|---|---|
| Biblioteca del Ateneo de Madrid | Biblioteca del Ateneo de Madrid | Depósito 2 | 30/04/2014 | F-5738-45 | 1192813 | 23/02/2023 | 23/02/2023 | Libro impreso |
